Statistics for Top 10 shark attack countries

Click here to take the quiz!

General Stats

  • This quiz has been taken 867 times
  • The average score is 7 of 10

Answer Stats

HintAnswer% Correct
510Australia
96%
1038The US
96%
39Mexico
85%
97Brazil
83%
48New Zealand
82%
234South Africa
81%
14India
68%
22Fiji
39%
48Papua New Guinea
28%
23Iran
21%

Score Distribution

Percentile by Number Answered

Percent of People with Each Score

Your Score History

You have not taken this quiz